Rulers of Westeros (Dragonstone) - Statistics

General Stats
  • This quiz has been taken 117 times
  • The average score is 5 of 10
Answer Stats
Ruler % Correct
{Aegon} Targaryen
90%
{Stannis} Baratheon (The King in the Narrow Sea)
77%
{Aerys} Targaryen
54%
{Aenar} Targaryen (the Exile)
53%
{Gaemon} Targaryen (the Glorious)
51%
{Baelon} Targaryen
45%
{Aerion} Targaryen
44%
{Daemion} Targaryen
29%
{Maegon} Targaryen
29%
{Aelyx} Targaryen
27%
No matching quizzes found
Score Distribution
Percent of People with Each Score
Percentile by Number Answered
Your Score History
You have not taken this quiz